Movies Quiz

Random Movies or Disney Quiz

Letters Minefield: Disney Animation Quiz Stats

 Plays Quiz Updated Mar 3, 2016

Also try: Disney Bunker
Challenge
Share
Tweet
Embed
Score 0/18 Timer 01:30
7 Plays Today
% Correct
???
86.9%
???
85.1%
???
84.9%
???
78.3%
???
75.8%
???
73.8%
???
73.3%
???
73.1%
???
72.5%
% Correct
???
70.5%
???
63.9%
???
61.3%
???
42.2%
???
41.1%
???
39.5%
???
38.1%
???
33.2%
???
12.3%

You're not logged in!

Compare scores with friends on all Sporcle quizzes.
OR
Log In

You Might Also Like...

Show Comments

Extras

Top Quizzes Today


Score Distribution

Your Account Isn't Verified!

In order to create a playlist on Sporcle, you need to verify the email address you used during registration. Go to your Sporcle Settings to finish the process.

Report this User

Report this user for behavior that violates our Community Guidelines.

Details: